Методология и методика аудита и внутреннего контроля учебно-методическое пособие по проведению практических занятий и самостоятельной работы
Учебно-методическое пособие разработано с целью оказания теоретической и практической помощи исследователям в изучении дисциплины «Методология и методика аудита и внутреннего контроля». Цель данного пособия - представить содержание учебной дисциплины «Методология и методика аудита и внутреннего конт...
Gorde:
| Egile nagusia: | |
|---|---|
| Formatua: | Книга |
| Hizkuntza: | Russian |
| Argitaratua: |
Орел
ОрелГАУ
2016
|
| Sarrera elektronikoa: | https://e.lanbook.com/book/106974 https://e.lanbook.com/img/cover/book/106974.jpg |
| Etiketak: |
Etiketa erantsi
Etiketarik gabe, Izan zaitez lehena erregistro honi etiketa jartzen!
|
| LEADER | 02787nam0a2200241 i 4500 | ||
|---|---|---|---|
| 001 | 106974 | ||
| 003 | RuSpLAN | ||
| 005 | 20221220174013.0 | ||
| 008 | 221220s2016 ru gs 000 0 rus | ||
| 040 | |a RuSpLAN | ||
| 041 | 0 | |a rus | |
| 044 | |a ru | ||
| 080 | |a 657.052 | ||
| 245 | 0 | 0 | |a Методология и методика аудита и внутреннего контроля |b учебно-методическое пособие по проведению практических занятий и самостоятельной работы |c Стеблецова О. В. |
| 260 | |a Орел |b ОрелГАУ |c 2016 | ||
| 300 | |a 91 с. | ||
| 504 | |a Библиогр.: доступна в карточке книги, на сайте ЭБС Лань | ||
| 520 | 8 | |a Учебно-методическое пособие разработано с целью оказания теоретической и практической помощи исследователям в изучении дисциплины «Методология и методика аудита и внутреннего контроля». Цель данного пособия - представить содержание учебной дисциплины «Методология и методика аудита и внутреннего контроля» и представить задания для практических занятий и самостоятельной работы. Учебно-методическое пособие подготовлено в соответствии с требованиями ФГОС ВО по направлению подготовки направление подготовки 38.06.01 - Экономика направленность (профиль) подготовки «Бухгалтерский учет, статистика» для изучения дисциплины «Методология и методика аудита и внутреннего контроля». Учебно-методическое пособие предназначено для исследователей, аспирантов вузов направления подготовки 38.06.01 - Экономика, исследователей и аспирантов, изучающих учетные, аналитические и дисциплины по аудиту, преподавателей, научных работников. | |
| 521 | 8 | |a Книга из коллекции ОрелГАУ - Экономика и менеджмент | |
| 100 | 1 | |a Стеблецова О. В. | |
| 856 | 4 | |u https://e.lanbook.com/book/106974 | |
| 856 | 4 | 8 | |u https://e.lanbook.com/img/cover/book/106974.jpg |
| 953 | |a https://e.lanbook.com/img/cover/book/106974.jpg | ||